00364nam a2200133Ia 4500008004100000020001500041041001200056082001100068100001600079245006600095260004500161300000800206650001600214221030s9999 xx 000 0 und d a0195671546 aEnglish a105.23 aN. P. Padhy 0aArtificial Intelligence & Intelligent Systemscby N. P. Padhy bOxford University PressaNew Delhic2007 a614 aBE Computer